000 00282nam a22001217a 4500
008 170223b xxu||||| |||| 00| 0 eng d
041 _aeng
080 _22ND
_a616.31
100 _a5
101 _aSHK
245 _aTECHNIQUES IN GENERAL THORACIC SURGERY
_cHOOD, R.M
942 _2udc
_cBK
999 _c6150
_d6150